| 000 | 00730nam a2200229Ia 4500 | ||
|---|---|---|---|
| 003 | GCL | ||
| 008 | 140319s9999 xx 000 0 ara d | ||
| 040 |
_aGCL / _cGCL |
||
| 082 | 0 | 4 |
_a940.27 _bك ح |
| 100 | 1 | _aكوك, ماى | |
| 245 | 1 | 0 |
_aحروب نابليون فى اوروبا من سنة 1796 الى سنة 1815 / _cكوك, ماى |
| 700 | 1 | _aسفولك، من الاى | |
| 700 | 1 | _aمحمد شفيق امين (معرب) | |
| 700 | 1 | _aمحمد سليمان هجرس (معرب) | |
| 300 | _a210 | ||
| 490 |
_aكتاب _v0 |
||
| 650 | 0 | 4 | _aنابليون بونابرت |
| 650 | 0 | 4 | _aالحروب النابليونية (1790 - 181 |
| 650 | 0 | 4 | _aاوربا |
| 650 | 0 | 4 | _aاوربا - تاريخ |
| 942 |
_2ddc _cBK |
||
| 999 |
_c42229 _d42229 |
||